| 000 | 00521nam a2200205Ia 4500 | ||
|---|---|---|---|
| 005 | 20260429112101.0 | ||
| 008 | 260429s9999||||xx |||||||||||||| ||und|| | ||
| 020 | _a9789363860384 | ||
| 041 | _aEnglish | ||
| 082 |
_a005.133 _bBLU |
||
| 100 | _aBlum, Richard | ||
| 245 | 0 |
_aSQL essentials for dummies / _cRichard Blum |
|
| 250 | _a1st ed. | ||
| 260 |
_aNew Delhi : _bWiley, _c2025. |
||
| 300 | _axi, 188 p.; pbk | ||
| 650 | _a Computer programming | ||
| 650 | _aSQL | ||
| 700 | _a Taylor, Allen G. | ||
| 942 | _cTB | ||
| 999 |
_c52266 _d52266 |
||